00780nam a2200229Ia 4500003000400000005001700004008004100021020001500062040000700077041001200084082002300096100002200119245005600141260005100197365001300248650002200261650003000283906005400313942001200367999001900379952015200398OSt20250726171335.0210423s2002 xx 000 0 und d a8173915156 cAL aEnglish a307.762 MEHPbMEHP aMehta G S9117201 aParticipation of women in the panchayati raj system aJaipurbKanishka Publishers Distributorsc2002 b450cINR aSociology9117202 aUrban Communities9117203 apanchayati ; Participation ; raj ; system ; women 2ddccBK c173644d173644 001040708MSWaSACPGbSACPGd2003-02-06eSaraswathi Publisherg450.00l1o307.762 MEHPpPG020255r2023-10-18 00:00:00s2023-10-17w2021-04-26yBK